Acta Universitatis Lodziensis Folia psychologica

Bibliographic Details
Format: Serial
Language:Polish
PhysicalDescription:zv. grafy, tab. 24 cm
Published: Łódź Wydawnictwo Uniwersytetu Łódzkiego 1997-
ISSN:1427-969X

MARC

LEADER 00000nas a2200000 a 4500
001 vtls001314108
003 SK-MaSNL
005 20260221112358.0
008 180126c 9999pl ar 0 0b0pol
022 |a 1427-969X 
035 |a SNK000266543 
040 |a SNK  |b slo  |c SNK  |e AACR2 
041 0 |a pol  |b eng 
044 |a pl  |c PL 
245 1 |a Acta Universitatis Lodziensis  |b Folia psychologica 
246 1 8 |a Folia psychologica 
260 |a Łódź  |b Wydawnictwo Uniwersytetu Łódzkiego  |c 1997- 
300 |a zv.  |b grafy, tab.  |c 24 cm 
310 |a 1x ročne 
362 0 |a 1997- 
500 |a Popis podľa: Roč. 5 (2001) 
500 |a Do roč. 4/2000 spracované ako monografia 
910 |a snk 
999 |c 153  |d 2083 
952 |0 0  |1 1  |4 0  |7 0  |8 2  |a SNK  |b SNK  |d 2007-05-31  |g 4.98  |i snk2007/14158  |l 0  |o snkČC 1572/S/5/2001  |p 17A0548582  |r 2026-02-21 20:20:27  |w 2026-02-21  |y PREZ 
952 |0 0  |1 1  |4 0  |7 0  |8 2  |a SNK  |b SNK  |d 2007-05-31  |g 3.32  |i snk2007/14160  |l 0  |o snkČC 1572/S/6/2002  |p 17A0548583  |r 2026-02-21 20:20:27  |w 2026-02-21  |y PREZ 
952 |0 0  |1 1  |4 0  |7 0  |8 2  |a SNK  |b SNK  |d 2007-05-31  |g 3.98  |i snk2007/14162  |l 0  |o snkČC 1572/S/7/2003  |p 17A0548584  |r 2026-02-21 20:20:27  |w 2026-02-21  |y PREZ 
952 |0 0  |1 1  |4 0  |7 0  |8 2  |a SNK  |b SNK  |d 2007-05-31  |g 6.64  |i snk2007/14163  |l 0  |o snkČC 1572/S/8/2004  |p 17A0548585  |r 2026-02-21 20:20:27  |w 2026-02-21  |y PREZ 
952 |0 0  |1 1  |4 0  |7 0  |8 0  |a SNK  |b SNK  |d 2007-05-31  |g 4.98  |i snk2007/14164  |l 0  |o snkČC 1572/S/9/2005  |p 17A0548586  |r 2026-02-21 20:20:27  |w 2026-02-21  |y PREZ 
952 |0 0  |1 1  |4 0  |7 0  |8 2  |a SNK  |b SNK  |d 2008-01-30  |g 4.98  |i snk2008/2457  |l 0  |o snkČC 1572/S/10/2006  |p 17A0574368  |r 2026-02-21 20:28:29  |w 2026-02-21  |y PREZ 
952 |0 0  |1 1  |4 0  |7 0  |8 2  |a SNK  |b SNK  |d 1997-12-10  |i snkV 2911/97  |l 0  |o snkČC 1572/S/1/1997  |p 17A0112174  |r 2005-01-02 00:00:00  |w 2026-02-21  |y PREZ 
952 |0 0  |1 1  |4 0  |7 0  |8 2  |a SNK  |b SNK  |d 2000-06-08  |i snkV 915/2000  |l 0  |o snkČC 1572/S/2/1998  |p 17A0242762  |r 2005-01-02 00:00:00  |w 2026-02-21  |y PREZ 
952 |0 0  |1 1  |4 0  |7 0  |8 2  |a SNK  |b SNK  |d 2003-03-13  |i snkV 568/2003  |l 0  |o snkČC 1572/S/3/1999  |p 17A0378021  |r 2005-01-02 00:00:00  |w 2026-02-21  |y PREZ  |z 3 (1999) 
952 |0 0  |1 1  |4 0  |7 0  |8 2  |a SNK  |b SNK  |d 2003-03-13  |i snkV 569/2003  |l 0  |o snkČC 1572/S/4/2000  |p 17A0378020  |r 2005-01-02 00:00:00  |w 2026-02-21  |y PREZ  |z 4 (2000)